Business management (Record no. 283894)
[ view plain ]
| 000 -LEADER | |
|---|---|
| fixed length control field | 00785nam a22001577a 4500 |
| 008 - FIXED-LENGTH DATA ELEMENTS--GENERAL INFORMATION | |
| fixed length control field | 150507b xxu||||| |||| 00| 0 eng d |
| 020 ## - INTERNATIONAL STANDARD BOOK NUMBER | |
| International Standard Book Number | 9781921917240 |
| 050 ## - LIBRARY OF CONGRESS CALL NUMBER | |
| Classification number | HF 5001. H678 |
| 100 ## - MAIN ENTRY--PERSONAL NAME | |
| Personal name | Hoang, Paul |
| 245 ## - TITLE STATEMENT | |
| Title | Business management |
| 250 ## - EDITION STATEMENT | |
| Edition statement | 3rd edition |
| 260 ## - PUBLICATION, DISTRIBUTION, ETC. (IMPRINT) | |
| Place of publication, distribution, etc | Melton, Australia |
| Name of publisher, distributor, etc | IBID Press |
| Date of publication, distribution, etc | 2014 |
| 300 ## - PHYSICAL DESCRIPTION | |
| Extent | 596 pages. |
| Other physical details | color illustrations., |
| Dimensions | 28 cm. |
| 650 ## - SUBJECT ADDED ENTRY--TOPICAL TERM | |
| Source of heading or term | Business management |
| Topical term or geographic name as entry element | Introduction to business management -- types of organization -- organizational objectives -- stakeholders -- external environment -- growth and evolutioon -- organizational planning tools (HL) -- human resource management -- organizational structure -- leadership -- motivation -- budgets -- marketing planning -- |
| 942 ## - ADDED ENTRY ELEMENTS (KOHA) | |
| Source of classification or shelving scheme | Library of Congress Classification |
| Item type | Books |
| Classification part | HF 5001. H678 |
| Withdrawn status | Lost status | Source of classification or shelving scheme | Damaged status | Home library | Current library | Shelving location | Date acquired | Total Checkouts | Total Renewals | Full call number | Barcode | Date last seen | Date last borrowed | Price effective from | Koha item type |
|---|---|---|---|---|---|---|---|---|---|---|---|---|---|---|---|
| Library of Congress Classification | Luxembourg Library | Luxembourg Library | International Baccalaureate Section | 05/07/2015 | 2 | 3 | HF 5001. H678 2014 | IB0197 | 03/31/2016 | 12/14/2015 | 05/07/2015 | Books |